000 00714nam a2200205 u 4500
001 000165881
003 AM-YeHGA
005 20250617123342.0
008 990318s1973 ru ||||gr|||||||||0|rus|d
040 _aAM-YeHGA
041 0 _arus
100 1 _aМосквичев, Е.П.
245 1 0 _aРентгенографический анализ химических соединений :
_bУчебное пособие /
_cЕ.П. Москвичев, Н.Г. Черноруков.
260 _aГорький :
_bБ. и.,
_c1973.
300 _a38 с.
650 1 4 _aРентгенографические исследования
700 1 _aЧерноруков, Н.Г.
942 _2udc
_cBK
090 _c57852
999 _c56946
_d56946